000 00346nam a22001097a 4500
082 _a347.54072
_bBIN
245 _aBindr'a Pleading & Conveyancing ( English & Urdu) /
_cAs Expounded by S.C. Walish & J.C Weir & L.C Desouza /
260 _aLahore:
_bCivil & Criminal Law Publications,
_c2024.
300 _a363 p.
563 _aHB.
942 _2ddc
_cBK
999 _c614078
_d614078